000 00748nam a2200229 4500
001 131178
003 ES-MaACL
005 20250804044437.0
007 t|
008 070214s1973 fr r ||||1| fre d
080 _a1(38)
100 1 _aRobin, Léon.
_997872
245 1 3 _aLa pensée grecque et les origines de l'esprit scientifique /
_cLéon Robin.
260 _aParis :
_bAlbin Michel,
_c1973.
300 _a529 p. ;
_c18 cm.
490 1 _aL'évolution de l'humanité ;
_v35
650 7 _aFilosofía griega
_2embne
_912849
830 0 _aL'évolution de l'humanité ;
_v35
_9181507
852 4 _aES-MaACL
_jE-5452
_9R.89821
852 4 _aES-MaACL
_jE-12901
_9R.139399
_z. - Biblioteca Jacinto Martínez Lacalle
999 _c131178
_d131178